[Event "Batatais op 2nd"]
[Site "Batatais"]
[Date "2015.01.17"]
[Round "1"]
[White "Fantinati, Nilton M Nascimento"]
[Black "Pastana, Rafael Pedroni"]
[Result "0-1"]
[WhiteElo "1569"]
[BlackElo "1958"]
[PlyCount "104"]
[EventDate "2015.01.17"]
[EventType "swiss"]
[EventRounds "5"]
[EventCountry "BRA"]
[SourceTitle "CBM 164 Extra"]
[Source "ChessBase"]
[SourceDate "2015.03.02"]
[SourceVersion "1"]
[SourceVersionDate "2015.03.02"]
[SourceQuality "1"]

1. d4 Nf6 2. c4 g6 3. Nc3 Bg7 4. e4 0-0 5. h3 d6 6. Be3 e5 7. d5 c6 8. Qd2 cxd5 9. cxd5 a6 10. Bd3 Nbd7 11. Rc1 Ne8 12. Bg5 Bf6 13. Bh6 Ng7 14. Nf3 Be7 15. Ng5 Nc5 16. Bb1 f6 17. Nf3 f5 18. 0-0 f4 19. Ne2 Rf7 20. Bxg7 Kxg7 21. Rc3 g5 22. Qc2 a5 23. a3 a4 24. Nc1 h5 25. Nd3 Nxd3 26. Qxd3 g4 27. hxg4 hxg4 28. Nd2 Kf6 29. Rfc1 Rh7 30. g3 Qh8 31. Kf1 Bd7 32. Ke2 Bd8 33. gxf4 exf4 34. Qd4+ Kg5 35. Qxh8 Rxh8 36. Nc4 Bf6 37. R3c2 Bb5 38. Kd2 Bxc4 39. Rxc4 Bxb2 40. R1c2 Bxa3 41. Ra2 Bc5 42. e5 b5 43. Rc1 Bb4+ 44. Ke2 dxe5 45. Be4 Rac8 46. Rb1 f3+ 47. Kd3 Rc3+ 48. Kd2 Rb3+ 49. Kc2 Rc8+ 50. Kd1 Rxb1+ 51. Bxb1 Bd6 52. Bd3 Rc5 0-1

[Event "Sao Paulo Hebraica op 19th"]
[Site "Sao Paulo"]
[Date "2015.01.10"]
[Round "3"]
[White "Pastana, Rafael Pedroni"]
[Black "Jose, Anderson Willians"]
[Result "1-0"]
[WhiteElo "1958"]
[BlackElo "1644"]
[PlyCount "103"]
[EventDate "2015.01.08"]
[EventType "swiss"]
[EventRounds "6"]
[EventCountry "BRA"]
[SourceTitle "CBM 164 Extra"]
[Source "ChessBase"]
[SourceDate "2015.03.02"]
[SourceVersion "1"]
[SourceVersionDate "2015.03.02"]
[SourceQuality "1"]

1. d4 Nf6 2. c4 g6 3. f3 c5 4. d5 d6 5. Nc3 Nbd7 6. e4 Bg7 7. Be2 Rb8 8. Be3 Ne5 9. Qd2 Qa5 10. h3 Qb4 11. Nb5 Qxd2+ 12. Bxd2 a6 13. Nc3 Nh5 14. Kf2 Nd7 15. g4 Bd4+ 16. Kg2 Ng7 17. f4 e6 18. a4 f5 19. exf5 exf5 20. g5 0-0 21. Bf3 Re8 22. Nge2 Be3 23. Bxe3 Rxe3 24. Kf2 Re8 25. h4 Nf8 26. h5 Re7 27. hxg6 hxg6 28. Rh6 Kf7 29. Rah1 Bd7 30. Nc1 Rbe8 31. Nd3 Re3 32. Ne5+ R3xe5 33. fxe5 dxe5 34. Re1 e4 35. Bd1 Bc8 36. Ne2 Nd7 37. Nf4 Ne5 38. b3 Bd7 39. Be2 b5 40. axb5 axb5 41. Ra1 bxc4 42. bxc4 Rb8 43. Ra6 Rb2 44. Ke1 Rb1+ 45. Kd2 Rg1 46. Rf6+ Kg8 47. Nxg6 Nxg6 48. Rhxg6 Be8 49. Rxg7+ Kxg7 50. Rxf5 Kg6 51. Re5 Rxg5 52. Rxe8 1-0

[Event "Sao Paulo Karman Cup 2nd"]
[Site "Sao Paulo"]
[Date "2014.11.22"]
[Round "4"]
[White "Pastana, Rafael Pedroni"]
[Black "Nobre, Jose Adalberto Barb"]
[Result "1-0"]
[WhiteElo "1930"]
[BlackElo "1706"]
[PlyCount "66"]
[EventDate "2014.11.21"]
[EventType "swiss"]
[EventRounds "6"]
[EventCountry "BRA"]
[SourceTitle "CBM 163 Extra"]
[Source "ChessBase"]
[SourceDate "2014.12.23"]
[SourceVersion "1"]
[SourceVersionDate "2014.12.23"]
[SourceQuality "1"]

1. c4 g6 2. Nc3 Bg7 3. e4 d6 4. d4 Nf6 5. Be2 0-0 6. Nf3 e5 7. 0-0 Bg4 8. d5 Nbd7 9. Qc2 Bxf3 10. Bxf3 a5 11. Be3 b6 12. a3 Nc5 13. b4 axb4 14. axb4 Na6 15. Rab1 Nd7 16. Be2 f5 17. f3 f4 18. Bf2 Bf6 19. Na4 Bh4 20. Bxh4 Qxh4 21. Rfc1 g5 22. c5 bxc5 23. Bxa6 Rxa6 24. bxc5 dxc5 25. Nxc5 Rh6 26. h3 Nxc5 27. Qxc5 Qg3 28. Kf1 Rxh3 29. gxh3 Qxh3+ 30. Ke2 Ra8 31. Ra1 Rb8 32. Rcb1 Rc8 33. Rg1 Rb8 1-0

[Event "Curitiba Terzian Memorial op"]
[Site "Curitiba"]
[Date "2014.11.01"]
[Round "3"]
[White "Costa, Ane Caroline"]
[Black "Pastana, Rafael Pedroni"]
[Result "1/2-1/2"]
[WhiteElo "1707"]
[BlackElo "1919"]
[PlyCount "102"]
[EventDate "2014.10.31"]
[EventType "swiss"]
[EventRounds "6"]
[EventCountry "BRA"]
[SourceTitle "EXT 2015"]
[Source "ChessBase"]
[SourceDate "2014.11.20"]
[SourceVersion "1"]
[SourceVersionDate "2014.11.20"]
[SourceQuality "1"]

1. d4 Nf6 2. Bf4 g6 3. Nf3 Bg7 4. e3 0-0 5. c4 d6 6. h3 Nbd7 7. Nc3 c5 8. Be2 b6 9. 0-0 Bb7 10. a3 cxd4 11. exd4 Nb8 12. Rc1 Nc6 13. Be3 Nd7 14. b4 Rc8 15. c5 dxc5 16. dxc5 bxc5 17. bxc5 Nde5 18. Qa4 Qa5 19. Qxa5 Nxa5 20. Nxe5 Bxe5 21. Rc2 Rfd8 22. Rb1 Bc6 23. Bb5 Bd4 24. Bxd4 Rxd4 25. Bxc6 Nxc6 26. Rb7 Rc4 27. Rd7 Rxc5 28. Rdd2 Na5 29. Rd3 e5 30. f3 Kg7 31. Kf2 Nb3 32. Ke1 Nd4 33. Rc1 Nb5 34. Kd2 Nxc3 35. Rcxc3 Rxc3 36. Rxc3 Rxc3 37. Kxc3 f5 38. Kc4 Kf6 39. Kd5 g5 40. g3 h6 41. g4 f4 42. a4 a5 43. Kd6 e4 44. fxe4 f3 45. e5+ Kg7 46. e6 f2 47. e7 f1Q 48. e8Q Qd3+ 49. Ke7 Qe4+ 50. Kd8 Qa8+ 51. Ke7 Qe4+ 1/2-1/2

[Event "Curitiba Terzian Memorial op"]
[Site "Curitiba"]
[Date "2014.11.01"]
[Round "4"]
[White "Pastana, Rafael Pedroni"]
[Black "Polansky, Pryscilla de Almeid"]
[Result "1-0"]
[WhiteElo "1919"]
[BlackElo "1769"]
[PlyCount "55"]
[EventDate "2014.10.31"]
[EventType "swiss"]
[EventRounds "6"]
[EventCountry "BRA"]
[SourceTitle "EXT 2015"]
[Source "ChessBase"]
[SourceDate "2014.11.20"]
[SourceVersion "1"]
[SourceVersionDate "2014.11.20"]
[SourceQuality "1"]

1. Nc3 c5 2. e4 Nc6 3. Nf3 d6 4. d4 cxd4 5. Nxd4 a6 6. Bc4 g6 7. Be3 Bg7 8. Qd2 Nf6 9. f3 0-0 10. 0-0-0 Re8 11. h4 h5 12. Nde2 b5 13. Bb3 Ne5 14. Bh6 Nc4 15. Bxc4 bxc4 16. g4 Bh8 17. gxh5 Nxh5 18. Nd5 Bb7 19. c3 Bxd5 20. Qxd5 Qc8 21. Nf4 Nxf4 22. Bxf4 Qe6 23. Qd2 f6 24. Rdg1 Kf7 25. Qg2 Rg8 26. Rh3 Rg7 27. Rg3 Rh7 28. Rxg6 1-0

[Event "Maringa op 4th"]
[Site "Maringa"]
[Date "2014.08.24"]
[Round "9"]
[White "Kikuta, Bruno"]
[Black "Pastana, Rafael Pedroni"]
[Result "0-1"]
[WhiteElo "1835"]
[BlackElo "1930"]
[PlyCount "80"]
[EventDate "2014.08.20"]
[EventType "swiss"]
[EventRounds "9"]
[EventCountry "BRA"]
[SourceTitle "EXT 2015"]
[Source "ChessBase"]
[SourceDate "2014.11.20"]
[SourceVersion "1"]
[SourceVersionDate "2014.11.20"]
[SourceQuality "1"]

1. e4 c6 2. d4 d5 3. exd5 cxd5 4. Bd3 Nf6 5. c3 Nc6 6. Bf4 e6 7. Nf3 Bd6 8. Bg3 0-0 9. Nbd2 a6 10. 0-0 b5 11. Ne5 Bb7 12. Ndf3 b4 13. Qa4 Qe8 14. Kh1 bxc3 15. bxc3 Bxe5 16. Nxe5 Nxe5 17. Qxe8 Rfxe8 18. Bxe5 Bc6 19. a4 Nd7 20. Bg3 f6 21. f4 Kf7 22. Rfe1 f5 23. Reb1 Reb8 24. Rb4 a5 25. Rxb8 Rxb8 26. Bc2 Rb2 27. Bd1 Nb6 28. Kg1 Nc4 29. Bf2 Bb7 30. h3 Ba6 31. g4 Nd6 32. g5 Bd3 33. h4 Be4 34. Kf1 Nc4 35. Ke1 Bd3 36. Bh5+ Ke7 37. Bd1 Nd6 38. Be3 Ne4 39. Ra3 Bc4 40. h5 Rh2 0-1

[Event "Sao Bernardo do Campo LXSBC op"]
[Site "Sao Bernardo do Campo"]
[Date "2014.07.26"]
[Round "3"]
[White "Cadilhac, Igor Tokuichi Kikuc"]
[Black "Pastana, Rafael Pedroni"]
[Result "1-0"]
[WhiteElo "2072"]
[BlackElo "1887"]
[PlyCount "59"]
[EventDate "2014.07.25"]
[EventType "swiss"]
[EventRounds "6"]
[EventCountry "BRA"]
[SourceTitle "EXT 2016"]
[Source "ChessBase"]
[SourceDate "2015.10.08"]
[SourceVersion "1"]
[SourceVersionDate "2015.10.08"]
[SourceQuality "1"]

1. e4 c5 2. Nf3 d6 3. d4 cxd4 4. Nxd4 Nf6 5. Nc3 Nc6 6. Be2 e6 7. 0-0 Be7 8. Be3 0-0 9. Qd2 a6 10. a4 Ne5 11. f3 Qc7 12. a5 Bd7 13. Na4 Bxa4 14. Rxa4 Rac8 15. c4 Nc6 16. Rd1 Nd7 17. b4 Nxd4 18. Bxd4 e5 19. Be3 Rfd8 20. Raa1 Ra8 21. Rac1 Rac8 22. g3 Qc6 23. Bf1 Nf8 24. Qd5 Qxd5 25. cxd5 h6 26. Bh3 Rxc1 27. Rxc1 Bg5 28. Bxg5 hxg5 29. Rc8 Ne6 30. Bxe6 1-0

[Event "Rio Claro op"]
[Site "Rio Claro"]
[Date "2014.05.18"]
[Round "5"]
[White "Correia, Vitor Paie"]
[Black "Pastana, Rafael Pedroni"]
[Result "0-1"]
[WhiteElo "1468"]
[BlackElo "1904"]
[PlyCount "74"]
[EventDate "2014.05.16"]
[EventType "swiss"]
[EventRounds "6"]
[EventCountry "BRA"]
[SourceTitle "CBM 160 Extra"]
[Source "ChessBase"]
[SourceDate "2014.07.01"]
[SourceVersion "1"]
[SourceVersionDate "2014.07.01"]
[SourceQuality "1"]

1. e4 c5 2. Nf3 d6 3. d4 cxd4 4. Nxd4 Nf6 5. Nc3 a6 6. h3 g6 7. Bg5 Bg7 8. a3 0-0 9. Bc4 Bd7 10. 0-0 Nc6 11. Nf3 b5 12. Bd3 Be6 13. Qd2 Na5 14. Rab1 Re8 15. Nd4 Bd7 16. Rfe1 Nc6 17. Nf3 Be6 18. Bh6 Bh8 19. Ng5 Qd7 20. Nxe6 fxe6 21. f4 Bg7 22. f5 Ne5 23. fxg6 Nxg6 24. Bxg7 Kxg7 25. Qg5 e5 26. Rf1 h6 27. Qg3 Nh5 28. Qf3 Nhf4 29. Nd5 Rf8 30. Nb6 Qa7 31. Qe3 e6 32. Nc4 bxc4 33. Qxa7+ Rxa7 34. Bxc4 Rc7 35. Bb3 Ne2+ 36. Kh2 Nd4 37. Rfc1 Rf2 0-1

[Event "Rio Claro op"]
[Site "Rio Claro"]
[Date "2014.05.18"]
[Round "6"]
[White "Pastana, Rafael Pedroni"]
[Black "Costa, Paulo Cesar"]
[Result "1/2-1/2"]
[WhiteElo "1904"]
[BlackElo "2025"]
[PlyCount "20"]
[EventDate "2014.05.16"]
[EventType "swiss"]
[EventRounds "6"]
[EventCountry "BRA"]
[SourceTitle "CBM 160 Extra"]
[Source "ChessBase"]
[SourceDate "2014.07.01"]
[SourceVersion "1"]
[SourceVersionDate "2014.07.01"]
[SourceQuality "1"]

1. d4 d5 2. c4 c6 3. Nc3 e6 4. e3 Nf6 5. Nf3 Nbd7 6. Qc2 Bd6 7. g4 dxc4 8. Bxc4 Nd5 9. Ne4 Bb4+ 10. Bd2 Bxd2+ 1/2-1/2

[Event "Rio Claro op"]
[Site "Rio Claro"]
[Date "2014.05.17"]
[Round "3"]
[White "Borges, Guilherme Deola"]
[Black "Pastana, Rafael Pedroni"]
[Result "1/2-1/2"]
[WhiteElo "2108"]
[BlackElo "1904"]
[PlyCount "104"]
[EventDate "2014.05.16"]
[EventType "swiss"]
[EventRounds "6"]
[EventCountry "BRA"]
[SourceTitle "CBM 160 Extra"]
[Source "ChessBase"]
[SourceDate "2014.07.01"]
[SourceVersion "1"]
[SourceVersionDate "2014.07.01"]
[SourceQuality "1"]

1. d4 Nf6 2. Nf3 g6 3. Bg5 Bg7 4. Nbd2 d6 5. e4 0-0 6. Bd3 Nbd7 7. 0-0 e5 8. c3 c6 9. Qc2 Qc7 10. Rad1 h6 11. Bh4 Nh5 12. Nc4 Re8 13. a4 Nf4 14. Rfe1 Nb6 15. Ne3 Be6 16. b4 Nxd3 17. Rxd3 Nc4 18. Nxc4 Bxc4 19. Rdd1 b5 20. dxe5 dxe5 21. Nd2 Be6 22. f3 a5 23. Ra1 Bf8 24. Reb1 Reb8 25. h3 Kg7 26. Kh2 c5 27. bxa5 Rxa5 28. axb5 Raxb5 29. Nf1 Qb7 30. Rd1 Bb3 31. Qd2 Bxd1 32. Rxd1 Be7 33. Bg3 Rd8 34. Qe1 Rxd1 35. Qxd1 Rb1 36. Qd3 f6 37. Ne3 Bf8 38. Qc4 Qd7 39. Qa6 Qb7 40. Qe6 Qf7 41. Qc8 Qb7 42. Qe8 Qf7 43. Qa4 Qb3 44. Qa7+ Qb7 45. Qa5 Qb6 46. Qa4 Qb5 47. Qa8 Qb7 48. Qe8 Qf7 49. Qd8 Qe7 50. Qa8 Qb7 51. Qe8 Qf7 52. Qa8 Qb7 1/2-1/2

[Event "Rio Claro op"]
[Site "Rio Claro"]
[Date "2014.05.16"]
[Round "2"]
[White "Pastana, Rafael Pedroni"]
[Black "Sztokbant, Bernardo Vainzoff"]
[Result "0-1"]
[WhiteElo "1904"]
[BlackElo "2257"]
[PlyCount "142"]
[EventDate "2014.05.16"]
[EventType "swiss"]
[EventRounds "6"]
[EventCountry "BRA"]
[SourceTitle "CBM 160 Extra"]
[Source "ChessBase"]
[SourceDate "2014.07.01"]
[SourceVersion "1"]
[SourceVersionDate "2014.07.01"]
[SourceQuality "1"]

1. d4 d5 2. c4 e6 3. Nc3 Be7 4. Nf3 Nf6 5. Bg5 0-0 6. e3 h6 7. Bxf6 Bxf6 8. Qc2 c5 9. 0-0-0 cxd4 10. exd4 dxc4 11. Bxc4 Nd7 12. h4 b5 13. Bxb5 Bb7 14. Bd3 Rc8 15. Kb1 Nb6 16. Qe2 Nd5 17. Nxd5 Qxd5 18. Rc1 Bxd4 19. Nxd4 Qxd4 20. f3 Rxc1+ 21. Rxc1 Qxh4 22. Rc7 Rb8 23. b3 Qd4 24. Qc2 f5 25. g4 Bxf3 26. gxf5 Rf8 27. Rc8 Rxc8 28. Qxc8+ Kh7 29. Qc2 Qg1+ 30. Kb2 Qd4+ 31. Kb1 Qg1+ 32. Kb2 Qd4+ 33. Kb1 exf5 34. Bxf5+ g6 35. Bxg6+ Kg7 36. Bd3 Kf6 37. Qd2 Qg1+ 38. Kb2 Qg2 39. Qxg2 Bxg2 40. Be2 Kg5 41. a4 Bh3 42. b4 Kf4 43. b5 Ke3 44. Bh5 Kd4 45. Kb3 Kc5 46. Kc3 Be6 47. Be2 Bd7 48. Bd1 Be8 49. Bf3 h5 50. Bxh5 Bxh5 51. Kb3 Bd1+ 52. Ka3 Bc2 53. Kb2 Bxa4 54. Ka3 Bd1 55. Kb2 Kb4 56. Kc1 Bf3 57. Kb2 Be4 58. Ka2 Kc3 59. Ka3 Bd5 60. Ka4 Kb2 61. Ka5 Bb7 62. Kb4 Kc2 63. Kc4 Kb2 64. Kb4 Bc8 65. Kc4 Ka3 66. b6 a5 67. Kc3 a4 68. Kc2 Ka2 69. Kc3 a3 70. Kc2 Bb7 71. Kc1 Be4 0-1

[Event "Americana Region-ch 5th"]
[Site "Americana"]
[Date "2014.04.27"]
[Round "5"]
[White "Pastana, Rafael Pedroni"]
[Black "Cadilhac, Igor Tokuichi Kikuc"]
[Result "1/2-1/2"]
[WhiteElo "1896"]
[BlackElo "2046"]
[PlyCount "83"]
[EventDate "2014.04.26"]
[EventType "swiss"]
[EventRounds "5"]
[EventCountry "BRA"]
[SourceTitle "CBM 160 Extra"]
[Source "ChessBase"]
[SourceDate "2014.07.01"]
[SourceVersion "1"]
[SourceVersionDate "2014.07.01"]
[SourceQuality "1"]

1. d4 Nf6 2. c4 e6 3. Nc3 Bb4 4. f3 d5 5. a3 Bxc3+ 6. bxc3 0-0 7. cxd5 exd5 8. e3 Bf5 9. Ne2 Nbd7 10. Ng3 Bg6 11. Bd3 Bxd3 12. Qxd3 Re8 13. 0-0 Qe7 14. Re1 c5 15. e4 dxe4 16. fxe4 cxd4 17. cxd4 Rad8 18. Nf5 Qe6 19. Qg3 g6 20. Nh6+ Kg7 21. e5 Ng8 22. Ng4 Nb6 23. Bb2 Nd5 24. Nf2 Nge7 25. Ne4 Nf5 26. Qf2 h5 27. Nf6 Re7 28. Rac1 Kf8 29. Nh7+ Kg8 30. Ng5 Qd7 31. Ne4 b6 32. Rc4 Re6 33. Ng3 Nxg3 34. Qxg3 Rc8 35. Rxc8+ Qxc8 36. Qb3 Qb7 37. Rc1 Nf4 38. Qc2 Kh7 39. a4 Re7 40. Ba3 Rc7 41. Qd2 Rxc1+ 42. Bxc1 1/2-1/2

[Event "Ribeirao Preto op"]
[Site "Ribeirao Preto"]
[Date "2014.04.06"]
[Round "6"]
[White "Haddad Filho, Paulo Ibrahim"]
[Black "Pastana, Rafael Pedroni"]
[Result "0-1"]
[WhiteElo "1931"]
[BlackElo "1896"]
[PlyCount "116"]
[EventDate "2014.04.04"]
[EventType "swiss"]
[EventRounds "6"]
[EventCountry "BRA"]
[SourceTitle "CBM 159 Extra"]
[Source "ChessBase"]
[SourceDate "2014.04.24"]
[SourceVersion "1"]
[SourceVersionDate "2014.04.24"]
[SourceQuality "1"]

1. d4 d5 2. Nf3 c6 3. Bf4 Nf6 4. e3 e6 5. Bd3 Be7 6. Ne5 Nbd7 7. Nd2 Nxe5 8. Bxe5 0-0 9. Qe2 c5 10. c3 Nd7 11. Bg3 b6 12. e4 Bb7 13. 0-0 cxd4 14. cxd4 dxe4 15. Nxe4 Nf6 16. Rfd1 Nd5 17. a3 Rc8 18. Be5 f6 19. Bg3 f5 20. Nd6 Rf6 21. Nxc8 Qxc8 22. Rac1 Qe8 23. Be5 Rg6 24. f3 Bg5 25. Bb5 Qf8 26. Ba6 Qe7 27. Bxb7 Qxb7 28. Qb5 Qe7 29. Rc8+ Kf7 30. Qc6 Be3+ 31. Kh1 Rh6 32. Bd6 Qh4 33. Qe8+ Kf6 34. Qd8+ Kg6 35. Qxh4 Rxh4 36. Be5 f4 37. Rg8 Nf6 38. Bxf6 Kxf6 39. Ra8 Rh5 40. Rxa7 Rd5 41. Rb7 Bxd4 42. h3 Bf2 43. Rb1 Rd3 44. a4 h5 45. b4 Ra3 46. a5 bxa5 47. b5 a4 48. b6 Rb3 49. Rf1 Bxb6 50. Ra1 Bd4 51. Rxb3 axb3 52. Ra3 b2 53. Rb3 h4 54. Rb5 Ke7 55. Rb4 e5 56. Rb5 Kd6 57. Kh2 Kc6 58. Rb3 Kc5 0-1

[Event "Pocos de Caldas op"]
[Site "Pocos de Caldas"]
[Date "2014.02.16"]
[Round "5"]
[White "Nery Junior, Jose Antonio"]
[Black "Pastana, Rafael Pedroni"]
[Result "1-0"]
[WhiteElo "2082"]
[BlackElo "1888"]
[PlyCount "53"]
[EventDate "2014.02.14"]
[EventType "swiss"]
[EventRounds "6"]
[EventCountry "BRA"]
[SourceTitle "CBM 158 Extra"]
[Source "ChessBase"]
[SourceDate "2014.02.28"]
[SourceVersion "1"]
[SourceVersionDate "2014.02.28"]
[SourceQuality "1"]

1. e4 c5 2. Nf3 d6 3. d4 cxd4 4. Nxd4 Nf6 5. f3 a6 6. c4 e6 7. Nc3 Be7 8. Be3 0-0 9. Qd2 Nbd7 10. g4 Nb6 11. h4 d5 12. g5 Nh5 13. Qf2 Nxc4 14. Bxc4 dxc4 15. 0-0-0 Qc7 16. f4 e5 17. Nd5 Qd8 18. Nf5 Bxf5 19. Nf6+ Bxf6 20. Rxd8 Bxd8 21. exf5 exf4 22. Bxf4 Bb6 23. Qxb6 Nxf4 24. h5 Nd3+ 25. Kb1 Rae8 26. h6 Re2 27. Qd4 1-0

[Event "Pocos de Caldas op"]
[Site "Pocos de Caldas"]
[Date "2014.02.16"]
[Round "6"]
[White "Pastana, Rafael Pedroni"]
[Black "Santana, Expedito"]
[Result "1-0"]
[WhiteElo "1888"]
[BlackElo "1693"]
[PlyCount "63"]
[EventDate "2014.02.14"]
[EventType "swiss"]
[EventRounds "6"]
[EventCountry "BRA"]
[SourceTitle "CBM 158 Extra"]
[Source "ChessBase"]
[SourceDate "2014.02.28"]
[SourceVersion "1"]
[SourceVersionDate "2014.02.28"]
[SourceQuality "1"]

1. d4 d5 2. c4 c6 3. Nc3 e6 4. e3 Nf6 5. Nf3 Nbd7 6. Qc2 Bd6 7. g4 h6 8. Rg1 e5 9. dxe5 Nxe5 10. Nxe5 Bxe5 11. f4 Bxc3+ 12. Qxc3 Rg8 13. Bd3 Nxg4 14. Bd2 Qh4+ 15. Kd1 Qxh2 16. Re1 Nf2+ 17. Kc2 Nxd3 18. Qxd3 Qh3 19. cxd5 Bf5 20. e4 Qxd3+ 21. Kxd3 Bd7 22. d6 f6 23. e5 Kf7 24. exf6 Bf5+ 25. Kc4 Be6+ 26. Kc5 Kxf6 27. Bc3+ Kf7 28. f5 Bxf5 29. Re7+ Kg6 30. Rg1+ Kh5 31. Bxg7 Rae8 32. Rxb7 1-0

[Event "Pocos de Caldas op"]
[Site "Pocos de Caldas"]
[Date "2014.02.15"]
[Round "4"]
[White "Pastana, Rafael Pedroni"]
[Black "Caporale, Giuseppe Guido"]
[Result "1-0"]
[WhiteElo "1888"]
[BlackElo "1728"]
[PlyCount "65"]
[EventDate "2014.02.14"]
[EventType "swiss"]
[EventRounds "6"]
[EventCountry "BRA"]
[SourceTitle "CBM 158 Extra"]
[Source "ChessBase"]
[SourceDate "2014.02.28"]
[SourceVersion "1"]
[SourceVersionDate "2014.02.28"]
[SourceQuality "1"]

1. d4 Nf6 2. c4 c5 3. d5 b5 4. cxb5 a6 5. b6 g6 6. Nc3 Qxb6 7. e4 d6 8. Nf3 Nbd7 9. Be2 Bg7 10. 0-0 0-0 11. Nd2 Qc7 12. f4 Nb6 13. a4 a5 14. Nf3 Bb7 15. Nb5 Qb8 16. Qc2 Ne8 17. Bd3 Nc7 18. Na3 Ba6 19. Nc4 Nxc4 20. Bxc4 Bxc4 21. Qxc4 Na6 22. Bd2 Qc7 23. Bc3 Rfb8 24. Bxg7 Kxg7 25. Ng5 h6 26. Qc3+ Kg8 27. Nxf7 Kxf7 28. f5 g5 29. f6 Kg8 30. Qh3 exf6 31. Rxf6 Qg7 32. Qe6+ Kh7 33. Rf7 1-0

[Event "Pocos de Caldas op"]
[Site "Pocos de Caldas"]
[Date "2014.02.14"]
[Round "1"]
[White "Pastana, Rafael Pedroni"]
[Black "Mekhitarian, Krikor Sevag"]
[Result "0-1"]
[WhiteElo "1888"]
[BlackElo "2572"]
[PlyCount "44"]
[EventDate "2014.02.14"]
[EventType "swiss"]
[EventRounds "6"]
[EventCountry "BRA"]
[SourceTitle "CBM 158 Extra"]
[Source "ChessBase"]
[SourceDate "2014.02.28"]
[SourceVersion "1"]
[SourceVersionDate "2014.02.28"]
[SourceQuality "1"]

1. d4 Nf6 2. c4 e6 3. Nc3 Bb4 4. Qc2 d5 5. cxd5 exd5 6. Nf3 c5 7. e3 0-0 8. dxc5 Nc6 9. Bd3 Bg4 10. Nd4 Bxc5 11. Nxc6 bxc6 12. 0-0 Bd6 13. h3 Bd7 14. b3 Qe7 15. Bb2 Qe5 16. f4 Qxe3+ 17. Kh1 Rfe8 18. Rf3 Qe7 19. g4 d4 20. Ne2 c5 21. Kh2 Bc6 22. Rg3 Be4 0-1

[Event "Curitiba CC 76 Anniversary"]
[Site "Curitiba"]
[Date "2014.02.02"]
[Round "6"]
[White "Pastana, Rafael Pedroni"]
[Black "Boabaid, Jorge Alberto Duard"]
[Result "1-0"]
[WhiteElo "1889"]
[BlackElo "1850"]
[PlyCount "103"]
[EventDate "2014.01.31"]
[EventType "swiss"]
[EventRounds "6"]
[EventCountry "BRA"]
[SourceTitle "CBM 158 Extra"]
[Source "ChessBase"]
[SourceDate "2014.02.28"]
[SourceVersion "1"]
[SourceVersionDate "2014.02.28"]
[SourceQuality "1"]

1. d4 d5 2. c4 e6 3. Nc3 Nf6 4. Bg5 Be7 5. e3 Nbd7 6. Nf3 h6 7. Bh4 0-0 8. Rc1 c6 9. Bd3 dxc4 10. Bxc4 b5 11. Bd3 Bb7 12. 0-0 a6 13. e4 e5 14. dxe5 Ng4 15. Bg3 b4 16. Ne2 Qa5 17. e6 fxe6 18. Ned4 Nde5 19. Nxe5 Nxe5 20. Nxe6 Rf6 21. Qb3 Kh8 22. Bb1 Re8 23. Rfd1 Bc8 24. Nd4 Bg4 25. f3 Bh5 26. Bh4 g5 27. Bg3 Bc5 28. Kh1 Bf7 29. Qc2 Bxd4 30. Rxd4 Qb6 31. Qc5 Qb8 32. Rcd1 Qb5 33. Qxb5 axb5 34. Bxe5 Rxe5 35. Rxb4 Bc4 36. b3 c5 37. Rxc4 bxc4 38. bxc4 Rb6 39. Bc2 Kg7 40. Bb3 Kf6 41. Kg1 Ke6 42. Kf2 Rd6 43. Rxd6+ Kxd6 44. Ke3 Re8 45. g3 Ra8 46. f4 Rf8 47. e5+ Ke6 48. Ke4 Rf5 49. Bd1 Rf8 50. f5+ Kf7 51. Bh5+ Kg8 52. e6 1-0